| 000 | | | 04188nmc2a22000003x 450 |
| 001 | | | 7b6c1070-96f3-49af-b18c-919466aa6bbc |
| 005 | | | 20181003114815.0 |
| 100 | ## | $a | 20161216l18121812k l0rusy0189 ca |
| 101 | 0# | $a | rus |
| 102 | ## | $a | RU |
| 200 | 1# | $a | Дело о вычете денег из жалованья музыканта Гельмейера на уплату долга |
| | $j | 16 марта - 2 апреля 1812 г. |
| 251 | ## | $c | Дело |
| 300 | ## | $a | Дело |
| 300 | ## | $a | Ориг. заголовок дела: Дело по отношению господина обер-полицеймейстера Горголи о вычете из жалованья у музыканта Гельмейера, выигранных им на бильярде, у губернского секретаря Солони, 153 рублей. 16 марта 1812 г. - 2 апреля 1812 г |
| 801 | #0 | $a | RU |
| | $b | РГИА |
| | $c | 20161216 |
| | $g | RCR |
| 801 | #1 | $a | RU |
| | $b | ГлавНИВЦ |
| | $c | 20161216 |
| | $2 | rusmarc |
| 801 | #2 | $a | RU |
| | $b | ПБ им. Б.Н. Ельцина |
| | $c | 20181003 |
| | $g | RCR |
| | $2 | rusmarc |
| 850 | ## | $a | РГИА |
| 852 | ## | $a | РГИА |
| | $e | Федеральное казенное учреждение "Российский государственный исторический архив" (РГИА) |
| | $j | 1080 |
| 937 | ## | $h | РГИА |
| | $d | 12235293 |
| | $a | ASBIBLIO_SCAN |
| 462 | #0 | $1 | 001dd3991dc-24e1-42ec-8838-ca4255420416 |
| | $1 | 2001 |
| | $a | 1746-1850 гг. |
| | $1 | 251 |
| | $c | Опись |
| | $1 | 852 |
| | $j | 1 |
| 461 | #0 | $1 | 0019264ebf8-de62-4f1a-9eb4-9f22098dbbd5 |
| | $1 | 2001 |
| | $a | Дирекция императорских театров МИДв |
| | $1 | 251 |
| | $c | Фонд |
| | $1 | 852 |
| | $j | 497 |
| 215 | ## | $a | 4 л. |
| | $d | 36,5х26 см |
| 371 | ## | $a | Документ не является опубликованным и широко распространяемым |
| 105 | ## | $a | y### |
| 122 | 2# | $a | d |
| 517 | 1# | $a | Дело по отношению господина обер-полицеймейстера Горголи о вычете из жалованья у музыканта Гельмейера, выигранных им на бильярде, у губернского секретаря Солони, 153 рублей. 16 марта 1812 г. - 2 апреля 1812 г |
| 035 | ## | $a | 7b6c1070-96f3-49af-b18c-919466aa6bbc |
| 856 | ## | $u | http://readingroom.main.prlib.ru/item.aspx?id_node=n118836144&mode=full |